| 000 | 00572nam a2200229Ia 4500 | ||
|---|---|---|---|
| 003 | 0100 | ||
| 008 | 130303s9999 xx 000 0 und d | ||
| 020 | _a0521475279 | ||
| 040 | _cARRUPELIB | ||
| 050 | _aBJ1451.S344 1995 | ||
| 100 | _aSchweiker, William | ||
| 245 | _aResponsibility and christian ethics | ||
| 260 | _aCambridge | ||
| 260 | _bCambridge University Press | ||
| 260 | _C1995 | ||
| 300 | _axiv | ||
| 300 | _b 255p. 22cm. | ||
| 440 | _aNew studies in christian ethics | ||
| 650 | _aETHICS | ||
| 650 | _bPhilosophy - Introductions | ||
| 942 | 0 | 0 | _06 |
| 999 |
_c12949 _d12949 |
||